Diario de viaje de un filósofo

Na minha lista:
Detalhes bibliográficos
Autor principal: Keyserling, Hermann
Formato: Livro
Idioma:Undetermined
Publicado em: Madrid, España Espasa-Calpe 1928
Assuntos:
Tags: Adicionar Tag
Sem tags, seja o primeiro a adicionar uma tag!

MARC

LEADER 00000nam a2200000Ia 4500
008 170316s9999 xx 000 0 und d
090 |a 100 K-8d 
100 |a Keyserling, Hermann 
245 |a Diario de viaje de un filósofo 
260 |a Madrid, España 
260 |b Espasa-Calpe 
260 |c 1928 
300 |a 402 páginas Tomo II 
650 |a FILOSOFÍA 
999 |c 16705  |d 16705 
040 |a cru BVZT 
942 |c 15 D  |h 100 K-8d  |2 z